banner-ar

THE CHALLANGE OF ORGANIZATIONAL CHANGES HOW COMPANIES EXPERIENCE IT AND HEADERS GUIDE IT / (Record no. 18728)

MARC details
000 -الفاتح
حقل البيانات ثابتة الطول 00533nam a2200181Ia 4500
008 - عناصر البيانات ثابتة الطول - معلومات عامة
حقل البيانات ثابتة الطول 140319s9999 xx 000 0 eng d
040 ## - مصدر الفهرسة
وكالة الفهرسة الأصلية GCL /
وكالة النسخ GCL
082 04 - رقم تصنيف ديوى العشرى
رقم التصنيف 658.46
رقم المادة K R
100 1# - المدخل الرئيسى - إسم شخصى
الإسم الشخصى KANTER, ROSABETH
245 10 - بيان العنوان
العنوان THE CHALLANGE OF ORGANIZATIONAL CHANGES HOW COMPANIES EXPERIENCE IT AND HEADERS GUIDE IT /
بيان المسئوليه,etc KANTER, ROSABETH
700 1# - المدخل الاضافى - اسم شخصى
الإسم الشخصى STEIN, BARRY A.
700 1# - المدخل الاضافى - اسم شخصى
الإسم الشخصى JACK, TODD
260 ## - PUBLICATION, DISTRIBUTION, ETC. (IMPRINT)
تاريخ النشر أو التوزيع 1992
300 ## - الوصف المادى
التعداد 535 P
650 04 - المدخل الاضافى بالموضوع-مصطلح موضوعى
مصطلح موضوعي ORGANIZATIONAL CHANGE
942 ## - عناصر المدخل الإضافي( كوها)
مصدر التصنيف او مخطط الترفيف Dewey Decimal Classification
Koha [default] item type كتاب
260 ## - PUBLICATION, DISTRIBUTION, ETC. (IMPRINT)
-- [S.N] :
-- THE FREE PRESS ،
Holdings
حالة التراجع حالة الفقد حالة تلف ليس للاعارة المكان المؤقت الموقع الحالى تاريخ الاكتساب اجمالي اﻻعارات رقم الطلب الباركود تاريخ اخر مشاهدة تاريخ تفعيل السعر نوع وعاء كوها
        مكتبة القاهرة الكبرى مكتبة القاهرة الكبرى 03/26/2014   658.46\K R 35796 03/26/2014 03/26/2014 كتاب
        مكتبة القاهرة الكبرى مكتبة القاهرة الكبرى 03/26/2014   658.46\K R 35797 03/26/2014 03/26/2014 كتاب

Powered By

EGPV